Herbicides in midwestern reservoir outflows, 1992-93 /

Bibliographic Details
Main Author: Stamer, J. K.
Corporate Author: Geological Survey (U.S.)
Other Authors: Battaglin, William A., Goolsby, D. A.
Format: Government Document eBook
Language:English
Published: [Reston, Va.] : U.S. Dept. of the Interior, U.S. Geological Survey, [1998]
Series:Fact sheet (Geological Survey (U.S.)) ; FS-98-134.
Subjects:
Online Access:https://purl.fdlp.gov/GPO/LPS53543

MARC

Tag First Indicator Second Indicator Subfields
LEADER 00000cam a2200000Ia 4500
001 in00002004921
005 20220106085909.0
006 m d f
007 cr an|||||||||
008 001218s1998 vauab sb f000 0 eng
035 |a (OCoLC)ocm45584963 
040 |a AGL  |b eng  |c AGL  |d OCLCQ  |d GPO  |d MvI 
049 |a WWW 
070 0 |a TD427.H46  |b S735 1998 
072 0 |a W000 
072 0 |a H000 
074 |a 0621-L (online) 
086 0 |a I 19.127:134-98 
100 1 |a Stamer, J. K. 
245 1 0 |a Herbicides in midwestern reservoir outflows, 1992-93 /  |c John K. Stamer, William A. Battaglin, and Donald A. Goolsby. 
264 1 |a [Reston, Va.] :  |b U.S. Dept. of the Interior, U.S. Geological Survey,  |c [1998] 
336 |a text  |b txt  |2 rdacontent 
337 |a computer  |b c  |2 rdamedia 
338 |a online resource  |b cr  |2 rdacarrier 
490 1 |a USGS fact sheet ;  |v 134-98 
538 |a Mode of access: Internet from the USGS Web site. Address as of 09/07/04: http://ks.water.usgs.gov/Kansas/pubs/fact-sheets/fs.134-98.html; current access is available via PURL. 
500 |a Title from title screen (viewed on Sept. 07, 2004). 
500 |a "December 1998." 
504 |a Includes bibliographical references. 
650 0 |a Herbicides  |x Environmental aspects  |z Middle West. 
650 0 |a Reservoirs  |z Middle West. 
650 0 |a Water quality  |z Middle West. 
700 1 |a Battaglin, William A. 
700 1 |a Goolsby, D. A. 
710 2 |a Geological Survey (U.S.) 
830 0 |a Fact sheet (Geological Survey (U.S.)) ;  |v FS-98-134. 
856 4 0 |u https://purl.fdlp.gov/GPO/LPS53543  |t 0 
856 4 0 |u https://purl.fdlp.gov/GPO/LPS53543  |t 0 
999 f f |s 9a0431fc-bf85-31c9-8b0b-c5371a0cd302  |i 8d3d2eaf-65de-3e28-b24d-afd925ed55a0  |t 0 
952 f f |a Texas A&M University  |b College Station  |c Electronic Resources  |d Available Online  |t 0  |e I 19.127:134-98  |h Superintendent of Documents classification 
998 f f |a I 19.127:134-98  |t 0  |l Available Online